00333nam a2200121Ia 4500008004100000082002000041100001500061245005600076250000800132260004400140300001000184650001700194150201s2001 xx 000 0 und d a617.601bA2001N aNEWMAN, MG aANTIBIOTIC AND ANTIMICROBIAL USE IN DENTAL PRACTICE a2ND bQUINTESSENCE PUBLICATIONaCHICAGOc2001 a1-288 aMICROBIOLOGY